Understanding brand strategies of micro and small enterprises toward green products in selected towns of Cavite / (Record no. 5138)

MARC details
000 -LEADER
fixed length control field 01373nam a22003017a 4500
003 - CONTROL NUMBER IDENTIFIER
control field OSt
005 - DATE AND TIME OF LATEST TRANSACTION
control field 20260413194450.0
008 - FIXED-LENGTH DATA ELEMENTS--GENERAL INFORMATION
fixed length control field 260407b |||||||| |||| 00| 0 eng d
040 ## - CATALOGING SOURCE
Original cataloging agency CvSU-CCAT Campus Library.
Language of cataloging English.
Transcribing agency CvSU-CCAT Campus Library.
Description conventions rda.
050 ## - LIBRARY OF CONGRESS CALL NUMBER
Classification number UM HF 5415.1225
Item number C45 2023
100 ## - MAIN ENTRY--PERSONAL NAME
Personal name Celorico, Merry M., author.
9 (RLIN) 20293
245 ## - TITLE STATEMENT
Title Understanding brand strategies of micro and small enterprises toward green products in selected towns of Cavite /
Statement of responsibility, etc. Merry M. Celorico, Marites O. Miguel, Ma. Mika S. Saraza.
260 ## - PUBLICATION, DISTRIBUTION, ETC.
Place of publication, distribution, etc. Rosario, Cavite :
Name of publisher, distributor, etc. Cavite State University-CCAT Campus,
Date of publication, distribution, etc. 2023.
300 ## - PHYSICAL DESCRIPTION
Extent ii, 76 leaves :
Other physical details illustrations ;
Dimensions 28 cm
500 ## - GENERAL NOTE
General note Undergraduate Thesis (BSBA) -- Cavite State University-CCAT Campus, 2023.
504 ## - BIBLIOGRAPHY, ETC. NOTE
Bibliography, etc. note Includes bibliographical references.
546 ## - LANGUAGE NOTE
Language note In English text.
650 ## - SUBJECT ADDED ENTRY--TOPICAL TERM
Topical term or geographic name entry element Brand management
9 (RLIN) 20294
650 ## - SUBJECT ADDED ENTRY--TOPICAL TERM
Topical term or geographic name entry element Marketing of small enterprises
9 (RLIN) 20295
650 ## - SUBJECT ADDED ENTRY--TOPICAL TERM
Topical term or geographic name entry element Green products -- Marketing
9 (RLIN) 20296
650 ## - SUBJECT ADDED ENTRY--TOPICAL TERM
Topical term or geographic name entry element Cavite (Philippines) -- Commerce
9 (RLIN) 18868
700 ## - ADDED ENTRY--PERSONAL NAME
Personal name Miguel, Marites O., author.
9 (RLIN) 20297
700 ## - ADDED ENTRY--PERSONAL NAME
Personal name Saraza, Ma. Mika S., author.
9 (RLIN) 20298
700 ## - ADDED ENTRY--PERSONAL NAME
Personal name Abug, Nerisa B., adviser.
9 (RLIN) 6938
700 ## - ADDED ENTRY--PERSONAL NAME
Personal name Mendoza, Xavier Lawrence D., technical critic.
9 (RLIN) 9284
942 ## - ADDED ENTRY ELEMENTS (KOHA)
Source of classification or shelving scheme Library of Congress Classification
Koha item type Thesis/Manuscripts/Dissertations
Classification part HF 5415.1225 C45 2023
Call number prefix UM
Holdings
Withdrawn status Lost status Source of classification or shelving scheme Damaged status Not for loan Collection code Home library Current library Shelving location Date acquired Coded location qualifier Total Checkouts Full call number Barcode Date last seen Copy number Price effective from Koha item type
    Library of Congress Classification     Thesis/Manuscript/Dissertation Cavite State University - CCAT Campus Cavite State University - CCAT Campus TH 01/20/2026 UM   UM HF 5415.1225 C45 2023 T0005583 04/07/2026 1 04/07/2026 Thesis/Manuscripts/Dissertations